000 01137nam a22002777a 4500
001 BD-DhSAU
003 BD-DhSAU
005 20251109162301.0
008 150420b2005 bg ||||| m||| 00| 0 eng d
040 _aBD-DhSAU
082 _222
_a338.23
_bN93
100 _aSHANTO, HASIBUL HOSSAIN
_eRegistration No. # 22010070
245 _aA socioeconomic study on profitability, resource use efficiency and value chain analysis of maize in rangpur district /
_bMS thesis
260 _aSher-e-Bangla Agricultural University:
_bDepartment of Agricultural Finance and Management,
_c2024.
300 _a, 83p. ;
_c30 cm.
500 _aMS thesis of Department of Agricultural Finance and Management, Faculty of ABM , Sher-e-Bangla Agricultural University, Dhaka, Bangladesh
504 _aIncludes bibliographical reference.
590 _aNazmul
650 _asocioeconomic study
651 _aefficiency and value chain
654 _2maize in rangpur district
700 _aProf. Dr. Md. Sadique Rahman
_eSuperviser
700 _aProf. Dr Shah Johir Rayha
_eCo-superviser
856 _yNO
942 _2ddc
_cTHESIS
999 _c18104
_d18103